000 00743cam a2200217 a 4500
001 000002084
005 20200929145827.0
008 730409s1970 fr b 001 0 fre
040 _aDO-SdBNP
_cOClU
_dOCoLC
_dDLC
082 _a447.415
_bM215m
100 1 _aMahmoudian, Morteza.
_96706
245 1 4 _aLes modalités nominales en français :
_bessai de syntaxe fonctionnelle /
_cMortéza Mahmoudian.
260 _aParis :
_bPresses universitaires de France,
_c1970.
300 _a280 p. ;
_c18 cm.
490 1 _aSup Le Linguiste
_vno. 9
504 _aBibliografìa: p. [277]
650 4 _aFrances
_xSintaxis
_96707
650 4 _aModelos linguísticos
_96708
830 0 _aSup Le Linguiste ;
_vno. 9.
_96709
910 _aCatalogación por copia / LC
999 _c1944
_d1944